000
00307nam a2200109 4500
008
240222b |||||||| |||| 00| 0 eng d
245
_a
Logos-Vol. 23, no. 3 (October 1984)
246
_a
Sri Lanka's ethnic problem
260
_a
Colombo :
_b
Centre for society & Religion,
_c
1984
300
_b
120 p.
942
_c
CR
999
_c
4784
_d
4784